书目信息 |
| 题名: |
中国文学俄罗斯传播史
|
|
| 作者: | 李明滨 著 | |
| 分册: | ||
| 出版信息: | 北京 学苑出版社 2011.12 |
|
| 页数: | 16,343页 | |
| 开本: | 23cm | |
| 丛书名: | ||
| 单 册: | ||
| 中图分类: | I109.5 , I512.09 | |
| 科图分类: | ||
| 主题词: | 文学--文化交流--文化史--中国--俄罗斯 , 文学 , 文化交流 , 文化史 | |
| 电子资源: | ||
| ISBN: | 978-7-5077-3726-4 | |
| 000 | 01064nam0 2200301 45 | |
| 001 | 515 | |
| 005 | 20120601083027.98 | |
| 010 | @a978-7-5077-3726-4@dCNY45.00 | |
| 100 | @a20120328d2011 em y0chiy50 ea | |
| 101 | 0 | @achi |
| 102 | @aCN@b110000 | |
| 105 | @ay z 000yy | |
| 106 | @ar | |
| 200 | 1 | @a中国文学俄罗斯传播史@AZhong Guo Wen Xue E Luo Si Chuan Bo Shi@f李明滨著@FLi Ming Bin Zhu |
| 210 | @a北京@c学苑出版社@d2011.12 | |
| 215 | @a16,343页@d23cm | |
| 300 | @a北京语言大学列国汉学史书系/阎纯德,吴志良主编 | |
| 300 | @a获澳门霍英东基金会与澳门基金会资助 | |
| 330 | @a本书分为两篇。具体内容包括:18-19世纪上半叶中国文学在俄罗斯的传播;19世纪下半叶中国文学在俄罗斯的传播;中国神话、民间文学和俗文学在俄罗斯;先秦文学在俄罗斯;三国两晋和南北朝文学在俄罗斯等。 | |
| 606 | 0 | @a文学@x文化交流@x文化史@y中国@y俄罗斯 |
| 606 | 0 | @a文学 |
| 606 | 0 | @a文化交流 |
| 606 | 0 | @a文化史 |
| 690 | @aI109.5@v4 | |
| 690 | @aI512.09@v4 | |
| 701 | 0 | @a李明滨@ALi Ming Bin@f(1933~)@4著 |
| 801 | 0 | @aCN@bTSTCL@c20120328 |
| 905 | @b0814154-60@dI109.5@e104@f7 | |
| 中国文学俄罗斯传播史/李明滨著.-北京:学苑出版社,2011.12 |
| 16,343页;23cm |
| 北京语言大学列国汉学史书系/阎纯德,吴志良主编.-获澳门霍英东基金会与澳门基金会资助 |
| ISBN 978-7-5077-3726-4:CNY45.00 |
| 本书分为两篇。具体内容包括:18-19世纪上半叶中国文学在俄罗斯的传播;19世纪下半叶中国文学在俄罗斯的传播;中国神话、民间文学和俗文学在俄罗斯;先秦文学在俄罗斯;三国两晋和南北朝文学在俄罗斯等。 |
| ● |
| 相关链接 |
|
|
|
|
正题名:中国文学俄罗斯传播史
索取号:I109.5/104
 
预约/预借
| 序号 | 登录号 | 条形码 | 馆藏地/架位号 | 状态 | 备注 |
| 1 | 0814154 | 208141544 | 第一样本阅览室/ [索取号:I109.5/104] | 在馆 | |
| 2 | 0814155 | 208141553 | 第二借阅区/ [索取号:I109.5/104] | 在馆 | |
| 3 | 0814156 | 208141562 | 第二借阅区/ [索取号:I109.5/104] | 在馆 | |
| 4 | 0814157 | 208141571 | 第二借阅区/ [索取号:I109.5/104] | 在馆 | |
| 5 | 0814158 | 208141580 | 第二借阅区/ [索取号:I109.5/104] | 在馆 | |
| 6 | 0814159 | 208141599 | 第二借阅区/ [索取号:I109.5/104] | 在馆 | |
| 7 | 0814160 | 208141606 | 第二借阅区/ [索取号:I109.5/104] | 在馆 |